National Geographic: Česko

Pohľad do prírodných environmentálnych, technických, kultúrnych a etnických tém sveta v súvislosti s klimatickými zmenami a ekonomickou udržateľnosťou.

Salvato in:
Dettagli Bibliografici
Natura: Periodico
Lingua:ceco
Pubblicazione: Praha Vltava Labe Media
Soggetti:
Tags: Aggiungi Tag
Nessun Tag, puoi essere il primo ad aggiungerne!!

MARC

LEADER 00000nas1a2200000 4500
001 0313984
005 20260311132601.8
022 |a 1213-9394 
041 0 |a cze 
044 |a CZ 
245 1 0 |a National Geographic: Česko 
264 1 |a Praha  |b Vltava Labe Media 
520 |a Pohľad do prírodných environmentálnych, technických, kultúrnych a etnických tém sveta v súvislosti s klimatickými zmenami a ekonomickou udržateľnosťou. 
610 2 0 |a geografia 
610 2 0 |a zemepis 
610 2 0 |a udržateľnosť 
610 2 0 |a ekonomika 
610 2 0 |a príroda 
610 2 0 |a zmeny klimatické